| 000 | 00000nam##2200000za#4500 |
| 001 | 9.573821 |
| 003 | CaOODSP |
| 005 | 20210624183902 |
| 007 | cr ||||||||||| |
| 008 | 150406|1994||||xxc|||||o f|0| 0 eng|d |
| 022 | |a1488-5379 |
| 040 | |aCaOODSP|beng |
| 043 | |an-cn--- |
| 086 | 1 |aFs97-6/1952E-PDF |
| 110 | 1 |aCanada. |bDepartment of Fisheries and Oceans. |bGulf Region. |
| 245 | 10|aComparison of the fishing efficiency of research vessels used in the southern Gulf of St. Lawrence groundfish surveys from 1971 to 1992 / |h[electronic resource]|cby G.A. Nielsen. |
| 260 | |aMoncton - New Brunswick : |bFisheries and Oceans Canada. |cMarch 1994. |
| 300 | |a62p.|bfig., graphs, references, tables |
| 490 | 1 |aCanadian technical report of fisheries and aquatic sciences|x1488-5379|vNo. 1952 |
| 500 | |aThe catalogue number (Fs97-6/1952E) and ISSN (0706-6457) for the print edition have been incorrectly copied in this electronic publication. |
| 590 | |a12-23-Supp|b2012-05-28 |
| 720 | 1 |aNielsen, G. A. |
| 776 | 0#|tComparison of the fishing efficiency of research vessels used in the southern Gulf of St. Lawrence groundfish surveys from 1971 to 1992 / |w(CaOODSP)9.611221 |
| 830 | #0|aCanadian technical report of fisheries and aquatic sciences,|x1488-5379|vNo. 1952|w(CaOODSP)9.504449 |
| 856 | 40|ahttp://publications.gc.ca|qPDF|s944 KB|uhttps://publications.gc.ca/collections/collection_2012/mpo-dfo/Fs97-6-1952-eng.pdf|yNo. 1952 |